000
00323nam a22001457a 4500
008
230524b |||||||| |||| 00| 0 eng d
020
_a
9789395759106
100
_a
P. Diwan
245
_a
Family Law
250
_a
13th Ed.
260
_a
Haryana
_b
ALA Pub.
_c
2023
300
_a
617
546
_a
English
942
_2
ddc
_c
BK
999
_c
20051
_d
20051